| 000 | 00503nam a2200181Ia 4500 | ||
|---|---|---|---|
| 005 | 20250508165609.0 | ||
| 008 | 008 250505s9999 xx 000 0 eng d | ||
| 037 | _aTextual | ||
| 040 |
_aFEDL _beng _cFEDL |
||
| 041 |
_aeng _2eng |
||
| 084 |
_a005.31, MIC _qFEDL |
||
| 245 | 0 | _aMicrosoft GW-Basic : user Guide | |
| 245 | 0 | _cMicrosoft corporation | |
| 260 |
_aNew Delhi, India _bH C L Ltd. _c1987 |
||
| 300 | _avii,274p. | ||
| 942 |
_cTEXL _h005.31, MIC |
||
| 999 |
_c1396102 _d1396102 |
||